00463nam a2200157Ia 4500008004100000020001800041082001600059100001800075245005100093250000700144260004100151300002300192500001900215600002100234650005000255240925s9999 xx 000 0 und d a9788131512470 a004.019 ATA aAtakan, Smith 0aHuman Computer Interaction: Basic and Practice aNA aNew Delhi:bCengage Learningc,2006. a700p.b0fOriginal aIncludes Index aComputer Science aComputer science, information & general works